000 01153nam a22003137a 4500
003 CHAP
005 20220329143320.0
008 080527d2004 nz ab r 00110 eng d
010 _a94859
011 _a95831
020 _a9291180769
035 _a106462
040 _cCHAP
082 0 4 _a338.11724
_bS47
110 2 _aServicio Internacional para la Investigación Agrícola Nacional
_9105308
245 1 0 _aMethod in our madness :
_bmaking sense of ecoregional research with modelling tools and processes
_c/by Servicio Internacional para la Investigación Agrícola Nacional
260 _aThe Hague :
_bISNAR,
_cc2004
300 _aix, 68 p. :
_bilus. ; gráfs. ; mapas
590 _aBATCH-UPD
_b10
_c20130110
_lUCH01
_h1917
590 _aBATCH-UPD
_b10
_c20130410
_lUCH01
_h1243
590 _aBATCH-UPD
_b10
_c20130914
_lUCH01
_h1148
590 _aCONVERSION
_b10
_c20130109
_lUCH01
_h1352
650 1 4 _aDesarrollo de la comunidad rural.
_931995
650 1 4 _aExtensión agrícola.
_939144
650 1 4 _aTrabajo
_xMétodos de.
_9114482
901 _aBK
942 _cLIBRO
949 _a338.11724 S47
_bBC
_cLIBRO
_d33724002061454
_eLIBRO
_h109563
_i106462
_sb
999 _c94859
_d94859